Los tebeos que leía Franco en la Guerra Civil (1936-1939) / (Record no. 18778)
[ view plain ]
| 000 -LEADER | |
|---|---|
| campo de control de longitud fija | 00772nam a2200217 i 4500 |
| 001 - NÚMERO DE CONTROL | |
| campo de control | 18778 |
| 003 - IDENTIFICADOR DE NÚMERO DE CONTROL | |
| campo de control | ES-MaACL |
| 005 - FECHA Y HORA DE LA ÚLTIMA TRANSACCIÓN | |
| campo de control | 20240523155026.0 |
| 007 - CAMPO FIJO DE DESCRIPCIÓN FÍSICA--INFORMACIÓN GENERAL | |
| campo de control de longitud fija | t| |
| 008 - DATOS DE LONGITUD FIJA--INFORMACIÓN GENERAL | |
| campo de control de longitud fija | 011015s2000 sp ||||0| spa j |
| 020 ## - NÚMERO INTERNACIONAL ESTÁNDAR DEL LIBRO | |
| Número Internacional Estándar del Libro | 84-607-1336-9 |
| 040 ## - FUENTE DE CATALOGACIÓN | |
| Centro catalogador/agencia de origen | M-BN |
| Lengua de catalogación | spa |
| Centro/agencia transcriptor | M-BN |
| 080 ## - NÚMERO DE LA CLASIFICACIÓN DECIMAL UNIVERSAL | |
| Número de la Clasificación Decimal Universal | 821.134.2-91"19"(082.2) |
| 245 04 - MENCIÓN DEL TÍTULO | |
| Título | Los tebeos que leía Franco en la Guerra Civil (1936-1939) / |
| Mención de responsabilidad, etc. | [compilador, Juan Carlos Lorente Aragón]. |
| 260 ## - PUBLICACIÓN, DISTRIBUCIÓN, ETC. | |
| Lugar de publicación, distribución, etc. | [Madrid?] : |
| Nombre del editor, distribuidor, etc. | J.C. Aragón, |
| Fecha de publicación, distribución, etc. | [2000] ( |
| Lugar de fabricación/manufactura | Madrid : |
| Fabricante | Imp. del Patronato de Huérfanos del Ejército de Tierra) |
| 300 ## - DESCRIPCIÓN FÍSICA | |
| Extensión | 316 p : |
| Otras características físicas | il. col. y n ; |
| Dimensiones | 30 cm. |
| 650 #4 - PUNTO DE ACCESO ADICIONAL DE MATERIA--TÉRMINO DE MATERIA | |
| Término de materia o nombre geográfico como elemento de entrada | Cómics- |
| Subdivisión geográfica | España |
| 9 (RLIN) | 11174 |
| 700 1# - ENTRADA AGREGADA--NOMBRE PERSONAL | |
| Nombre de persona | Lorente Aragón, Juan Carlos. |
| 9 (RLIN) | 74111 |
| 852 ## - LOCALIZACIÓN | |
| Ubicación | ES-MaACL |
| Número de control de estantería | L-25268 |
| Sublocalización o colección | R.130374 |
| Estatus retirado | Estado de pérdida | Estado de daño | No para préstamo | Biblioteca de origen | Biblioteca actual | Ubicación en estantería | Fecha de adquisición | Fuente de adquisición | Total de préstamos | Signatura topográfica completa | Código de barras | Visto por última vez | Precio de reemplazo | Tipo de ítem Koha |
|---|---|---|---|---|---|---|---|---|---|---|---|---|---|---|
| Biblioteca del Ateneo de Madrid | Biblioteca del Ateneo de Madrid | Depósito 2 | 17/01/2008 | L-25268 | 1019215 | 23/02/2023 | 23/02/2023 | Libro impreso |
